00000000nam##2200000za#4500
0019.680435
003CaOODSP
00520200421163639
007ta
008150407|1997||||xxc|||||     f|0| 0 fre|d
020 |a0-662-82896-8
040 |aCaOODSP|bfre
043 |an-cn---
0861 |aNH15-210/1997F
1102 |aSociété canadienne d'hypothèques et de logement.
24510|aObstacles posés par la réglementation à la réutilisation de l'eau locale / |cPréparé par l'Association canadienne des eaux potables et usées.
260 |bSociété canadienne d'hypothèques et de logement |c1997.
300 |aiii, 53p. en pagination multiple. : |bréférences, tableaux ; |c28 cm.
500 |a«Le présent rapport est le fruit d'une enquête sur les obstacles posés par la réglementation à la mise en oeuvre de programmes de réutilisation de l'eau locale au Canada. Les auteurs se sont penchés sur la réglementation en matière de santé et d'environnement, ainsi que sur les codes de plomberie et du bâtiment, et les règlements municipaux. Ces obstacles sont décrits au niveau national et par province ou territoire, avec quelques exemples municipaux à l'appui. Le rapport conclut qu'il n'existe pas d'obstacle absolu à la réutilisation de l'eau locale au Canada. On y discute aussi des conséquences des obstacles perçus.»--Résumé.
5203 |aLe présent rapport est le fruit d'une enquête sur les obstacles posés par la réglementation à la mise en oeuvre de programmes de réutilisation de l'eau locale au Canada. Les auteurs se sont penchés sur la réglementation en matière de santé et d'environnement, ainsi que sur les codes de plomberie et du bâtiment, et les règlements municipaux. Ces obstacles sont décrits au niveau national et par province ou territoire, avec quelques exemples municipaux à l'appui. Le rapport conclut qu'il n'existe pas d'obstacle absolu à la réutilisation de l'eau locale au Canada. On y discute aussi des conséquences des obstacles perçus.--Résumé
563 |aCouverture souple
590 |a98-17|b1998-04-24
69107|aGestion de l'eau|2gcpds
77508|tRegulatory barriers to on-site water reuse / |w(CaOODSP)9.646945
7760#|tObstacles posés par la réglementation à la réutilisation de l'eau locale |w(CaOODSP)9.846904